000 00856nam a22002297a 4500
999 _c6820
_d6820
003 AR-CdUCM
008 190319b ||||| |||| 00| 0 spa d
020 _a84-205-0386-X
040 _aMUNICIPALIDAD PROVINCIAL DEL CUSCO
_cBIBLIOTECA MUNICIPAL DEL CUSCO
041 _heng
082 _22ed.
_a530 /
_bL17
100 _aLaidler, Keith J.
_919220
245 _aCinética de Reacciones :
_bReacciones en Solución /
260 _aEspaña :
_bAlhambra ;
_c1966.
300 _a136 páginas ;
_bTablas, fórmulas, diagramas
_c20cm
440 _aColección Exedra - Ciencia Técnica Ingeniería
_n4
_919221
505 _aContenido: Reacciones en solución: Principios generales -- Algunos mecanismos de reacciones en solución
650 _aFísica
_92382
700 _aGómez Herrera, Fernando (traducción)
_919222
942 _2ddc
_cLIBROS
945 _anom